| 000 | 02465cam a2200601 a 4500 | ||
|---|---|---|---|
| 001 | 20897 | ||
| 003 | VRT | ||
| 005 | 20260206144846.0 | ||
| 008 | 230501s1972 xo gr 000 m slo | ||
| 015 | _aSNBA1973/01-00173 | ||
| 020 | _q(viaz.) | ||
| 035 | _aSK01SNK19730019174 | ||
| 035 | _aE32F7ECA-90B4-45BD-A0E6-F0D356B95983 | ||
| 035 | _aurn:nbn:sk:snk-am00ijvx | ||
| 035 | _aSKM000021637 | ||
| 039 | 9 |
_a202305011845 _bVLOAD _c202304281446 _dVLOAD _c202304281110 _dVLOAD _c202304191246 _dmsnk123 |
|
| 040 |
_aSNK _bslo _cSNK _eAACR2 |
||
| 041 | 1 |
_aslo _hita |
|
| 044 |
_axo _cSK |
||
| 072 | 7 |
_a821.131.1-3 _xTalianska próza _2konspekt |
|
| 072 | 7 |
_a821.131.1-2 _xTalianska dráma _2konspekt |
|
| 080 |
_a821.131.1-31 _22011 |
||
| 080 |
_a821.131.1-2 _22011 |
||
| 080 |
_a(0:82-31) _22011 |
||
| 080 |
_a(0:82-2) _22011 |
||
| 100 | 1 |
_aPirandello, Luigi, _d1867-1936 _4aut |
|
| 245 | 1 | 0 |
_aIlúzia a skutočnosť _cLuigi Pirandello ; z talianskych originálov Tutti i romanzi, vol. 3 ..., Novelle per un anno, vol. 1, 2 ..., Maschere nude, vol. 5 ... preložili Blahoslav Hečko, Mikuláš Pažítka |
| 250 | _a1. vyd. | ||
| 260 |
_aBratislava _bSlovenský spisovateľ _c1972 _eKošice _fVýchodoslovenské tlačiarne |
||
| 300 |
_a635, [4] s. _c21 cm |
||
| 366 | _e10000 výtl. | ||
| 490 | 1 | _aKnižnica Nobelových cien | |
| 500 | _aFrontispice. Životopisné dáta | ||
| 655 | 7 |
_atalianske romány _2SNKPH |
|
| 655 | 7 |
_atalianske novely _2SNKPH |
|
| 655 | 7 |
_atalianske drámy _2SNKPH |
|
| 700 | 1 |
_aHečko, Blahoslav, _d1915-2002 _4trl |
|
| 700 | 1 |
_aPažitka, Mikuláš, _d1918-2004 _4trl _4aui _4com |
|
| 700 | 1 | 2 |
_aPirandello, Luigi, _d1867-1936 _tTutti i romanzi _lSlovensky |
| 700 | 1 | 2 |
_aPirandello, Luigi, _d1867-1936 _tNovelle per un anno _lSlovensky |
| 700 | 1 | 2 |
_aPirandello, Luigi, _d1867-1936 _tMaschere nude _lSlovensky |
| 830 | 0 | _aKnižnica Nobelových cien | |
| 910 | _asnk | ||
| 942 |
_2ddc _cKLDO _n0 |
||
| 949 |
_6369701000007384 _aaubbO 4643 _baubbO4643 _pDarca: Stračina, Svetozár |
||
| 949 |
_62889042083 _asavukM 47077 _oFotokópia v hrebeňovej väzbe |
||
| 949 |
_617A0887293 _asnkSC 30576 D1 _bsnkKSP 1162/73 |
||
| 949 |
_617A0219192 _asnkSC 30576 _bsnkK 1107/99 _oNáhrada za stratený simplikát _s6100:20220407 |
||
| 949 |
_6273K0039666 _asvkpoA 88430 _bsvkpo201430 |
||
| 949 |
_6270001000412871 _asvkbbS 88111 _bsvkbbm 263069 |
||
| 949 |
_6270001000551873 _asvkbbS 35991 _bsvkbbm 264206 |
||
| 999 |
_c20897 _d20897 |
||